| 000 | 00619nam a22001817a 4500 | ||
|---|---|---|---|
| 003 | 0 | ||
| 005 | 20241226122357.0 | ||
| 008 | 241226b xxu||||| |||| 00| 0 eng d | ||
| 020 | _a978-1-03-260763-4 | ||
| 050 |
_aHM 1033 _b.So63 2024 |
||
| 245 |
_aSocial psychology _bTheories and applications _cSibnath Deb, Anjali Gireesan, Pooja Prabhavalkar, and Shayana Deb |
||
| 260 |
_aNew York _bRoutledge _cc2024. |
||
| 300 |
_axv, 420 pages ; _c24cm. |
||
| 504 | _aIncludes bibliographical references, index, and glossary. | ||
| 650 | _aSocial psychology. | ||
| 650 | _aSocial psychology--theories. | ||
| 942 |
_2lcc _cBK |
||
| 999 |
_c366830 _d366830 |
||